Osídlenie Komárňanskej stolice v stredoveku

Titel: Osídlenie Komárňanskej stolice v stredoveku / Tomáš Sitár
Verfasser:
Beteiligt:
Ausgabe: Prvé vydanie
Veröffentlicht: Krná : Miloš Hric, 2023
Umfang: 477 Seiten : Illustrationen, Karten
Format: Buch
Sprache: Slowakisch
Schlagworte:
ISBN: 9788097339098
Buchumschlag
X
alg: 51320656
001A    $03004:15-11-23 
001B    $01999:14-12-24 $t00:30:49.000 
001D    $03004:11-12-23 
001U    $0utf8 
001X    $00 
002@    $0Aau 
002C    $aText $btxt $2rdacontent 
002D    $aohne Hilfsmittel zu benutzen $bn $2rdamedia 
002E    $aBand $bnc $2rdacarrier 
003@    $0513206566 
004A    $A978-80-973390-9-8 
007A    $0BV049378256 $aBVB 
007G    $0DE020FB37873B48509420C1258A840032B6EF 
009P    $qapplication/pdf $A2 $3Inhaltsverzeichnis $uhttp://scans.hebis.de/HEBCGI/show.pl?51320656_toc.pdf $mV:DE-603;B:DE-Mb50 
009P    $qapplication/pdf $A2 $3Abstract $uhttp://scans.hebis.de/HEBCGI/show.pl?51320656_sum.pdf $mV:DE-603;B:DE-Mb50 
009P    $qapplication/pdf $A2 $3Cover $uhttp://scans.hebis.de/HEBCGI/show.pl?51320656_cov.pdf $mV:DE-603;B:DE-Mb50 
009P    $qapplication/pdf $A2 $3Register $uhttp://scans.hebis.de/HEBCGI/show.pl?51320656_idx.pdf $mV:DE-603;B:DE-Mb50 
010@    $aslo 
010E    $erda 
011@    $a2023 
013D    $RSchulbuch $74153488-8 $8Fachkunde [Ts1] $9085644463 
021A    $aOsídlenie Komárňanskej stolice v stredoveku $hTomáš Sitár 
028A    $BVerfasser $4aut $7114315696X $8Sitár, Tomáš$Z1980- [Tp3] $9419613870 
028C    $BHerausgeber $4edt $7 $8Hric, Miloš [Tnu] $9513966064 
032@    $aPrvé vydanie 
033A    $pKrná $nMiloš Hric 
034D    $a477 Seiten 
034M    $aIllustrationen, Karten 
037A    $aLiteraturverzeichnis Seite 462-471 
044K    $74452386-5 $8Komorn$gSlowakei$zRegion [Tg1] $9088855880 
044K    $74747657-6 $8Komorn$gUngarn$zRegion [Tg1] $9114005982 
044K    $RSiedlungssystem $#Land settlement $#Colonies $#Human settlements $#Colonisation intérieure $#Colonies $#Asentamientos humanos $#Siedlung $#Besiedlung $#Siedlung $#Besiedelung $#Besiedlung $#Siedlungsstätte $#Siedlungsgebiet $#Siedlungen $74054858-2 $8Siedlung [Ts1] $9085152625 
044K    $RBesitz $REigentum $RGrundstück $RGrundstücksrecht $RGrundeigentümer $#Land tenure $#Real property $#Propriété foncière $#Terres $#Propriété immobilière $#Propiedad rústica $#Grundeigentum $#Grundbesitz $#Bodeneigentum $#Grundbesitz $#Grundstück Eigentum $#Grundstückseigentum $#Liegenschaftseigentum $#Grundvermögen $#Immobiliareigentum $#Landbesitz $#Landeigentum $#Besitzung $74072130-9 $8Grundeigentum [Ts1] $9085202959 
045F    $a307.0943730902 $eDDC23BSB 
045F/01 $a307.09 
045F/03 $f0902 
045F/03 $g4373 
045R    $aGeschichte 1100-1450 
046L    $aZusammenfassung in englischer Sprache 

lok: 51320656 24

exp: 51320656 24 1 #EPN
201B/01 $011-12-23 $t12:03:30.000 
201C/01 $015-11-23 
201U/01 $0utf8 
203@/01 $01247798844 
208@/01 $a08-12-23 $bz 
209A/01 $a23.05426 $du $f050 $h23 05426 $x00 
209C/01 $a23.05426 K $h23 05426 K 
209G/01 $a74845169 $x00 
220C/01 $akoe 
247C/01 $8358050-7 Marburg, Bibliothek des Herder-Instituts Marburg $9102600961
LEADER 00000cam a2200000 c 4500
001 513206566
003 DE-603
005 20241214003049.0
007 tu
008 231115s2023 xx |||| | u00||u|slo c
020 |a 9788097339098 
035 |a (DE-599)BVBBV049378256 
040 |a DE-603  |b ger  |c DE-603  |d DE-603  |e rda 
041 |a slo 
082 0 4 |8 1\u  |a 307.0943730902  |q DE-101  |2 23/BSB 
085 |8 1\u  |b 307.09 
085 |8 1\u  |z 1  |s 0902 
085 |8 1\u  |z 2  |s 4373 
100 1 |a Sitár, Tomáš  |d 1980-  |e Verfasser  |4 aut  |0 (DE-603)419613870  |0 (DE-588)114315696X  |2 gnd 
245 0 0 |a Osídlenie Komárňanskej stolice v stredoveku  |c Tomáš Sitár 
250 |a Prvé vydanie 
264 1 |a Krná  |b Miloš Hric  |c 2023 
300 |a 477 Seiten  |b Illustrationen, Karten 
336 |a Text  |b txt  |2 rdacontent 
337 |a ohne Hilfsmittel zu benutzen  |b n  |2 rdamedia 
338 |a Band  |b nc  |2 rdacarrier 
500 |a Literaturverzeichnis Seite 462-471 
546 |a Zusammenfassung in englischer Sprache 
648 7 |a Geschichte 1100-1450  |2 gnd 
650 7 |a Siedlung  |0 (DE-588)4054858-2  |0 (DE-603)085152625  |2 gnd 
650 7 |a Grundeigentum  |0 (DE-588)4072130-9  |0 (DE-603)085202959  |2 gnd 
651 7 |a Komorn  |g Slowakei  |0 (DE-588)4452386-5  |0 (DE-603)088855880  |2 gnd 
651 7 |a Komorn  |g Ungarn  |0 (DE-588)4747657-6  |0 (DE-603)114005982  |2 gnd 
655 7 |a Fachkunde  |2 gnd-content  |0 (DE-588)4153488-8  |0 (DE-603)085644463 
700 1 |a Hric, Miloš  |e Herausgeber  |4 edt  |0 (DE-603)513966064 
856 4 2 |m V:DE-603;B:DE-Mb50  |q application/pdf  |u http://scans.hebis.de/HEBCGI/show.pl?51320656_toc.pdf  |3 Inhaltsverzeichnis 
856 4 2 |m V:DE-603;B:DE-Mb50  |q application/pdf  |u http://scans.hebis.de/HEBCGI/show.pl?51320656_sum.pdf  |3 Abstract 
856 4 2 |m V:DE-603;B:DE-Mb50  |q application/pdf  |u http://scans.hebis.de/HEBCGI/show.pl?51320656_cov.pdf  |3 Cover 
856 4 2 |m V:DE-603;B:DE-Mb50  |q application/pdf  |u http://scans.hebis.de/HEBCGI/show.pl?51320656_idx.pdf  |3 Register 
924 0 |9 Mb 50  |a (DE-603)1247798844  |b DE-Mb50  |c HES  |d c  |g 23.05426